| 000 | 00772nam a2200217 a 4500 | ||
|---|---|---|---|
| 001 | BRCA_687 | ||
| 005 | 20190320203116.0 | ||
| 008 | 950915s1994 mx-a---##b---s000-0#spa-# | ||
| 020 | _a968297478X | ||
| 040 |
_aDLC _cDLC _dDLC |
||
| 050 | 4 |
_aF1386.3 _b.E57 1994 |
|
| 245 | 1 | 0 |
_aEnsayos sobre la Ciudad de México _ccompilación Isabel Tovar de Arechederra, Magdalena Mas ; presentación Isabel Tovar de Arechederra. |
| 260 |
_aMéxico _bDepartamento del Distrito Federal _c1994 |
||
| 300 |
_a170 p. _bil. _c20 cm. |
||
| 504 | _aIncluye referencias bibliográficas | ||
| 505 | 0 | _aContenido: v.2. La muy noble y leal Ciudad de México | |
| 651 | 4 |
_aMéxico _xHistoria _9614 |
|
| 700 | 1 |
_aTovar de Arechederra, Isabel _92267 |
|
| 700 | 1 |
_aMas, Magdalena _92268 |
|
| 942 |
_2lcc _cB |
||
| 999 |
_c593 _d593 |
||